Statistics for 25 Most Populated Canadian Cities

Click here to take the quiz!

General Stats

  • This quiz has been taken 27 times
  • The average score is 14 of 25

Answer Stats

PopulationProvinceCity% Correct
2,794,356OntarioToronto
100%
1,306,784AlbertaCalgary
95%
1,762,949QuebecMontreal
95%
662,248British ColumbiaVancouver
95%
1,010,899AlbertaEdmonton
90%
1,017,449OntarioOttawa
90%
549,459QuebecQuebec City
90%
439,819Nova ScotiaHalifax
76%
749,607ManitobaWinnipeg
76%
266,141SaskatchewanSaskatoon
71%
226,404SaskatchewanRegina
67%
422,324OntarioLondon
62%
569,353OntarioHamilton
57%
229,660OntarioWindsor
57%
717,961OntarioMississauga
48%
568,322British ColumbiaSurrey
48%
438,366QuebecLaval
38%
656,480OntarioBrampton
33%
256,885OntarioKitchener
33%
249,125British ColumbiaBurnaby
24%
291,041QuebecGatineau
14%
254,483QuebecLongueuil
14%
338,503OntarioMarkham
14%
323,103OntarioVaughan
14%
213,759OntarioOakville
10%

Score Distribution

Percentile by Number Answered

Percent of People with Each Score

Your Score History

You have not taken this quiz